|
|
|
|
| LEADER |
00864nab a2200253 i 4500 |
| 001 |
publ32338 |
| 005 |
20250401083732.0 |
| 008 |
250401s1991 hu o 000 eng d |
| 022 |
|
|
|a 0039-7881
|
| 024 |
7 |
|
|a 10.1055/s-1991-26376
|2 doi
|
| 024 |
7 |
|
|a 28035
|2 mtmt
|
| 040 |
|
|
|a SZTE Publicatio Repozitórium
|b hun
|
| 041 |
|
|
|a eng
|
| 100 |
1 |
|
|a Fülöp Ferenc
|
| 245 |
1 |
0 |
|a trans-2-Cyanocycloalkanols
|h [elektronikus dokumentum] :
|b Versatile Synthons for Alicyclic cis- and trans-1,3-Amino Alcohols /
|c Fülöp Ferenc
|
| 260 |
|
|
|c 1991
|
| 300 |
|
|
|a 43-46
|
| 490 |
0 |
|
|a SYNTHESIS-STUTTGART
|v 1991 No. 1
|
| 650 |
|
4 |
|a Kémiai tudományok
|
| 700 |
0 |
1 |
|a Huber Imre
|e aut
|
| 700 |
0 |
1 |
|a Bernáth Gábor
|e aut
|
| 700 |
0 |
1 |
|a Hönig Helmut
|e aut
|
| 700 |
0 |
2 |
|a Seufer-Wasserthal Peter
|e aut
|
| 856 |
4 |
0 |
|u http://publicatio.bibl.u-szeged.hu/32338/1/aok_klny_208_91.pdf
|z Dokumentum-elérés
|